000 00293nam a22001217a 4500
008 171016b xxu||||| |||| 00| 0 eng d
041 _aeng
080 _a33
100 _a52
101 _aEKO
245 _aTHE ROLE OF TRANSPORTATION IN REGIONAL ECONOMIC DEVELOPMENT
_cHEATH
942 _2udc
_cBK
999 _c34146
_d34146